000 00246nam a2200097Ia 4500
001 695382
005 20250826161951.0
008 250824s9999 xx 000 0 und d
245 0 _aMARTI (ANTİK)
_cANTON ÇEHOV
260 _bANTİK DÜNYA KLASİKLERİ
999 _c695382
_d695382